Statistics for Countries Bordering the United States by EEZ (with a map)

Click here to take the quiz!

General Stats

  • This quiz has been taken 2,028 times
    (1,688 since last reset)
  • The average score is 13 of 16

Answers on the Map

Answers color-coded by a green-red scale on the quiz's map according to % correct below.
 

Answer Stats

Country% Correct
Canada
98%
Russia
97%
Mexico
96%
Cuba
92%
Japan (Volcano Islands)
89%
Dominican Republic
88%
Kiribati
85%
Federated States of Micronesia
84%
United Kingdom (Virgin Islands)
82%
Marshall Islands
81%
Samoa
81%
Tonga
78%
Bahamas
74%
New Zealand (Cook Islands, Niue, Tokelau)
65%
Netherlands (Saba)
57%
Venezuela (Federal Dependencies)
52%

Score Distribution

Percentile by Number Answered

Percent of People with Each Score

Your Score History

You have not taken this quiz since the last reset